| 000 | 00380cam a2200145ua 4500 | ||
|---|---|---|---|
| 041 |
_aeng _h |
||
| 082 |
_a823.301 _bCOL/PO |
||
| 100 | _aColum, Padraic . | ||
| 245 |
_aPoe`s tales of mystery and imagination / _cPadraic colum. _hTextual Documents |
||
| 260 |
_aLondon : _bJ M Dent and sons ltd , _c1906. |
||
| 300 | _a528 ; . | ||
| 504 | _a | ||
| 942 | _cBK | ||
| 999 |
_c4391 _d4391 |
||